Najwieksze państwa Afryki - Statystyki

Ogólne statystyki
  • Ten quiz został rozwiązany 606 razy
  • Średni wynik to 8 z 10
Statystyki odpowiedzi
Kilometry kwadratowe Państwo % Poprawnych
2 381 741 Algieria
94%
2 344 858 Demokratyczna Republika Konga
92%
1 267 000 Niger
88%
1 219 090 RPA
88%
1 759 540 Libia
85%
1 861 484 Sudan
85%
1 284 000 Czad
79%
1 240 192 Mali
73%
1 246 700 Angola
70%
1 030 700 Mauretania
66%
Nie znaleziono quizów pasujących do podanych kryteriów
Rozkład punktacji
Procent ludzi z każdym wynikiem
Percentyl według liczby udzielonych odpowiedzi
Twoja historia wyników
Nie rozwiązałeś tego quizu